000 00495nam a22001695i 4500
001 54136
003 ES-MaACL
005 20230906162912.0
007 t|
008 940301s1876 sp ||||1| spa d
040 _aCAM
_bspa
100 1 _aChaulié, Dionisio.
_938203
245 1 3 _aEl bodegón de la cadena
_b: tradición madrileña /
_coriginal de Dionisio Chaulié.
260 _aMadrid :
_b[s.n.],
_c1876 (
_fImp. de El Tiempo)
300 _a75 p. ;
_c16 cm.
852 _aES-MaACL
_jG-8240(2)
999 _c54136
_d54136